Les chiens dans les films - Statistiques

Statistiques générales
  • Ce quiz a été pris 301 fois
  • Le résultat moyen est 10 sur 16
Statistiques - réponses
Par images Réponse % Correct
Scooby-Doo
94%
Astérix et Obélix Mission Cléopâtre
90%
La Belle et le Clochard
90%
Belle et Sébastien
84%
Les 101 Dalmatiens
81%
Les Bronzés font du Ski
79%
Beethoven
74%
Harry Potter à l'école des sorciers
74%
Lassie
66%
Didier
61%
The Artist
54%
Clifford
50%
The Mask
50%
Croc-Blanc
31%
Marley et Moi
30%
Hatchi
28%
Aucun quiz correspondant
Distribution des résultats
% des personnes avec chaque résultat
Percentile par nombre de réponses
Votre historique - résultats
Vous n’avez pas pris ce quiz